[Event "GRE-chT 31st"]
[Site "Chalkidiki"]
[Date "2002.07.10"]
[Round "6"]
[White "Atalik, Suat"]
[Black "Halkias, Stelios"]
[Result "1-0"]
[WhiteElo "2551"]
[BlackElo "2550"]
[Annotator "Atalik,S"]
[PlyCount "119"]
[EventDate "2002.07.05"]
[EventType "team"]
[EventRounds "8"]
[EventCountry "GRE"]
[SourceTitle "CBM 089"]
[Source "ChessBase"]
[SourceDate "2002.08.12"]
[SourceVersion "1"]
[SourceVersionDate "2002.08.12"]
[SourceQuality "1"]

1. Nf3 {I wanted to catch him in his Tarrasch rather than Benko, that is why I
have changed my usual first move.} Nf6 {My opponent also surprised me since
after this it is obvious that we won't have a normal Tarrasch.} 2. c4 e6 3. Nc3
d5 4. d4 dxc4 {Once again Vienna.} 5. e3 {I was reluctant to go for the my
main line against Vienna since I had two headaches about the line at that
moment.} (5. e4 Bb4 6. Bg5 c5 7. e5 cxd4 8. Qa4+ Nc6 9. O-O-O Bd7 10. Ne4 Be7
11. exf6 gxf6 12. Bh4 a6 $5 {Another Morozevich's novelty so it should be
respected.} (12... Rc8 13. Kb1 Na5 14. Qc2 e5 15. Nxd4 exd4 16. Rxd4 Qb6 17.
Nxf6+ Bxf6 18. Qe4+ Kf8 19. Bxf6 Qxf6 20. Rxd7 Re8 21. Qd4 Re1+ 22. Kc2 Kg7 $1
23. g3 Rhe8 24. Qxf6+ Kxf6 25. Bg2 R1e2+ $1 26. Rd2 b5 $11) 13. Qxc4 e5 14.
Nxe5 {Loeky's animalistic approach which is more or less justified.} Nxe5 15.
Qxd4 Rc8+ 16. Kb1 O-O $13 {Van Wely-Morozevich,Monaco(blind) 2002.}) 5... a6 6.
a4 (6. Bxc4 b5 7. Bb3 Bb7 8. O-O c5 9. Qe2 Nbd7 10. Rd1 {like I did with
Topalov in Sarajevo last year has its secret merits as well.}) 6... c5 7. Bxc4
Nc6 8. O-O Be7 {The stem position if we come to Queen's Gambit Accepted with
a4 via Vienna. The problem is white does not have accomplished Qe2,Rd1 in an
appropriate way.} 9. Qe2 {I was happy with this move expecting an equal
position to grind the Greek down slowly.} ({F.J Marshall's move attracts
attention too.} 9. b3 O-O 10. Bb2 cxd4 11. exd4 Nb4 12. Ne5 b6 13. Qe2 $5 Bb7
14. Rad1 $13) 9... O-O {That was unexpected though.} (9... cxd4 10. Rd1 e5 11.
exd4 exd4 12. Nxd4 Nxd4 13. Qe5 Qd6 14. Qxd4 $1 {The black's black squared
bishop should not switch to a1-h8 diagonal.} Qxd4 15. Rxd4 O-O (15... Bc5 16.
Rd1 O-O 17. Bg5 $11) 16. Bg5 $11 {All these positions are equal but still
contains some venom in.}) 10. Rd1 Qc7 {Now we are in Dlugy's line. Maxim used
to play this position rock solid. The essence of the position is slightly
altered compared to what other people do with Bd6. However during Dutch
Championship I had many philosophical discussions in company of both white and
red wine with my new and former compatriot GM Ivan Sokolov. I remember that
the wise man told me that things were not that simple in his games against
Rublevsky and Shirov. At this point I decided to steer the game parallel to
those games.} 11. dxc5 Bxc5 12. Bd2 $5 {Mini move! Looks pretty dumb, huh? Of
course many patzers went for this without any understanding and without any
pregame conversation with Ivan.} b6 {Everybody does this automatically.} ({
I was more concerned about} 12... Ne5 {Knowing that who does Ne4 or Ne5 first
gets better from old Rubinstein's games.} 13. Nxe5 Qxe5 14. e4 (14. Qf3 Bd7 15.
e4) 14... Bd7 15. Qf3 Bd6 16. g3 Qc5 17. Bf1 Bc6 18. Rac1 $11) 13. Bd3 $1 $146
{After the game I have seen that even IM Tsorbatzoglou (soupmaker in my
chesswise former language) who was the organizer of this event has gone for
this position failing both to see the point and not giving us TV set during
the tournament in the hotel room. So I was disgusted!} (13. Rac1 Bb7 14. Na2 a5
15. Bb5 Ne5 16. Bc3 Nxf3+ 17. gxf3 Qe7 18. Be5 Nd5 19. Kh1 f6 20. Bd4 Rac8 21.
Bxc5 Rxc5 22. Rxc5 Qxc5 23. Rc1 Qd6 24. Rc4 Rd8 25. Nc3 Qe5 $15 {
Tsorbatzoglou-Ibragimov,Athens(open)1993.}) 13... Bb7 {Performed pretty fast.}
({My big time idea was} 13... Ne5 14. Ne4 $1 Nxd3 15. Nxf6+ gxf6 16. Qxd3 Bb7
17. Bc3 f5 18. Qc4 $14) 14. Ne4 {Finally we have a position very close to
Sokolov-Rublevsky, Poikovsky 2002.} Nxe4 15. Bxe4 Rad8 {Logical.} ({Brutal
means do not provide an attack for black yet.} 15... f5 16. Bd3 e5 (16... Ne5
17. Nxe5 Qxe5 18. Bc3 Qd5 (18... Qc7 19. Bc4 Qc6 20. Qf3 $5 Qxf3 $140 $2 21.
Bxe6+ Kh8 22. gxf3 Bxf3 23. Rd7 $18) 19. f3) 17. Ng5 $1 {and black has
insurmountable problems.}) 16. Bc3 ({There ain't no need for flashes of
stupidity.} 16. Bxh7+ $2 Kxh7 17. Ng5+ Kg6 18. Qg4 f5 $19) 16... h6 {This
little move could be useful.} (16... Rxd1+ 17. Rxd1 Rd8 18. Rc1 {was in the
boundaries of my thoughts.}) {Here before this move I stopped for a
substantial amount of time. I really did not wanna go downshift.} 17. Nd2 ({
However my original intention to carry the queen to the kingside runs into
some tactics.} 17. Qc4 Na5 $1 18. Bxa5 Bxe4 19. Qxe4 bxa5 $11) ({And as usual
I am always allergic to moves like} 17. h3 $5) 17... f5 $6 {Very aggressive.I
had to be concerned about what would happen if my opponent would burn all the
bridges behind.} (17... Bd6 18. h3 (18. Qh5 f5) (18. f4 f5 19. Bf3) 18... f5 (
18... Be5 19. Rac1) 19. Bd3 Nb4 20. Bc4 $14) 18. Bf3 {Justifiably very
cautious.} ({I was scared of some balistic attack.} 18. Bd3 $6 Ne5 (18... f4 $6
19. exf4 Rxf4 20. Qxe6+ $16) 19. Bxa6 Bxa6 20. Qxa6 f4 (20... Ng4 $2 21. Nf3
Rxd1+ 22. Rxd1 f4 23. Qc4 $1) 21. b4 fxe3 $1 (21... Bd6 22. Rac1 Qf7 23. Ne4
fxe3 24. fxe3 Nf3+ 25. Kh1 Nxh2 $3 (25... Qh5 26. h3) 26. Qe2 $14) 22. bxc5
exf2+ 23. Kh1 Rxd2 $3 $19) 18... Kh7 {Black has to mark time before the action.
} (18... e5 $2 19. Qc4+ Kh7 20. b4 Bd6 21. b5 e4 22. bxc6 (22. Nxe4 Bxh2+ 23.
Kf1 axb5 24. axb5 Na5 25. Qxc7 Bxc7 26. Nd2 Bxf3 27. Nxf3 $16) 22... Bxh2+ 23.
Kh1 Bxc6 24. Be2 $18) 19. Qc4 $1 {Finally time to show some teeth has come.I
was about to bring some imbalance to the position forcing practically the
exchange of h2 for black's central e6.} Bd6 {What else?I had all the threats
on earth b4or a5.} 20. Qxe6 Bxh2+ 21. Kh1 Rd6 {Playing with fire!} ({Of course
black had some alternatives.} 21... Bd6 22. Rac1 $1 $14 (22. Nc4 Bc8 23. Qd5
Nb4 (23... Ne7 $2 24. Qd4 $18) 24. Qxd6 Rxd6 25. Nxd6 Qe7 26. Nxc8 Rxc8 27. Rd2
$44)) (21... Rde8 22. Qc4 Bd6 23. b4 (23. Rac1 Rc8) 23... Rc8 24. b5 axb5 25.
axb5 Ne5 26. Qxc7 Rxc7 27. Bxb7 Rxb7 $14 (27... Rxc3 $2 28. Ne4 $1 $16)) 22.
Qc4 Re8 $2 $138 {Stelios went very low on time before producing this.} ({
I was expecting} 22... Rg6 23. g3 Bxg3 24. fxg3 Qxg3 25. Qf4 $18) 23. b4 $5 {
All of a sudden I became steady at the wheel!} (23. g3 Bxg3 24. fxg3 Rxe3 25.
Qf4 Rxf3 26. Nxf3 Rxd1+ 27. Rxd1 Qxf4 28. gxf4 Ne5 29. Rd6 Nc4 30. Rd7 Bxf3+
31. Kh2 $18) 23... b5 $5 {That was also the move I was considering to be the
best.} (23... Qb8 $2 24. Qf7 $1 {was my idea.}) (23... Rd7 24. Rac1 Bd6 25. b5
axb5 26. Qxb5 $1 $16) 24. axb5 axb5 25. Qxb5 $16 {So finally I have won a pawn.
} Be5 26. Nc4 $6 {Suddenly I became uncomfortable with my position for no
reason at all and decided to go for this silly combination.} (26. Qc4 Qe7) (26.
Bxe5 Rxe5 27. Qc4 Qe7 28. Rac1 $1 $16 (28. b5 Nd8 29. Bxb7 Nxb7 30. Nf3 Rc5 31.
Qb3 Rb6 32. Nd4 Nd6)) 26... Rxd1+ 27. Rxd1 Bxc3 28. Qxf5+ g6 {I have missed
this idiotic move!} (28... Kg8 29. Rd7 $18) (28... Kh8 29. Nd6 Rd8 (29... Re5
30. Nf7+) 30. Nf7+ (30. Nxb7 Rxd1+ 31. Bxd1 Nxb4 32. Nc5 $16) 30... Kg8 31.
Nxd8 Nxd8 32. Rd7 Qb6 33. Re7 Bc6 34. Bd5+ $1 {were easy to find.}) 29. Rd7+ {
I had no choice but to go to some slightly better ending with pawn up after my
28th move.} Re7 30. Rxc7 gxf5 31. Rxe7+ Nxe7 32. Bxb7 Bxb4 33. f4 $1 {Here I
have pulled myself together and decided to play fast and natural to keep my
opponent about down to 1 mn on his clock.} Kg7 $2 (33... h5 $142 $14 {Black
should not be afraid of this.}) 34. Kg1 Kf6 35. Kf2 Ng6 36. Kf3 (36. Bf3 Nh4
37. g4 Be1+ 38. Ke2 Bb4 39. Nb6 Bd6 40. Nd5+ Ke6 {gives white chances too.})
36... Nh4+ 37. Ke2 Ng6 38. Nb6 Ne7 39. Bf3 $1 {Now we are in the right track
since g4 is coming.} Bd6 40. g4 Bc7 41. Nd7+ Kf7 $6 (41... Ke6 42. Nc5+ Kd6 43.
Nd3 $16) 42. gxf5 Nxf5 43. Bg4 $18 {I think it is already a gone game the
march of the pawns is unpreventable.} Nd6 (43... Ng7 44. Kf3 h5 45. Bh3 $18)
44. Ne5+ Ke7 45. Kf3 Nf7 $2 {Passivity is very bad in chess.} (45... Nb5 46.
Ke4 Nc3+ 47. Kf5 Nd5 48. Nc4 $18) 46. Nc6+ Kf6 (46... Kd6 47. Nd4) 47. e4 Nd8
48. e5+ Kf7 49. Nd4 $1 {Simply building up the position.} (49. Nxd8+ $2 {
Early to exchange the knights.} Bxd8 50. f5 Bg5 51. Bh5+ Ke7 52. Bg6 Bd2 53.
f6+ Ke6 54. Ke4 Bg5 $11) 49... Bb6 50. Ke4 Bc7 51. Bh5+ Kf8 52. Kd5 $1 {
Hell with that small thing on h6!} (52. Nf5 Ne6 53. Nxh6 $18) 52... Ba5 53.
Ne6+ $1 $18 {That is the killing punch.With my pawns so far expanded black is
dead.} Nxe6 54. Kxe6 Bd2 {He tries the other diagonal.} (54... Bd8 55. f5 Be7
56. f6 Bd8 57. Kf5 Kg8 58. e6 Kf8 59. Bg6 $18 {The board is to small for Bd8.})
55. f5 Bc3 56. f6 Bd4 57. Kf5 Bc3 58. e6 Bb4 59. Ke4 {I have won this type of
position even with an exchange down against GM Dautov in Ohrid, should I ask
for a trademark?} Ba3 60. Kd5 {Black has nothing against the glorious march of
whites majesty to d7.} 1-0

[Event "Vladimir op"]
[Site "Vladimir"]
[Date "2002.08.22"]
[Round "7"]
[White "Belov, Vladimir"]
[Black "Atalik, Suat"]
[Result "1/2-1/2"]
[WhiteElo "2510"]
[BlackElo "2551"]
[Annotator "Atalik,S"]
[PlyCount "80"]
[EventDate "2001.08.16"]
[EventType "swiss"]
[EventRounds "9"]
[EventCountry "RUS"]
[SourceTitle "CBM 091"]
[Source "ChessBase"]
[SourceDate "2002.11.12"]
[SourceVersion "1"]
[SourceVersionDate "2002.11.12"]
[SourceQuality "1"]

1. d4 Nf6 2. c4 e6 3. Nf3 d5 4. Nc3 dxc4 {Facing Vienna with white on several
occasions made me to go for it with black.} 5. e3 a6 6. a4 (6. Bxc4 b5 7. Bb3 (
7. Bd3 c5 8. O-O Bb7) 7... c5 8. O-O Bb7 9. Qe2 Nbd7 {is not regarded
dangerous for black anymore.}) 6... c5 (6... Nc6 7. Bxc4 Bb4 (7... Bd6 $6 8. e4
e5 9. dxe5 Nxe5 10. Nxe5 Bxe5 11. Qxd8+ Kxd8 12. Bxf7 $16 {is better for white
like in Meran 6...Bd6 7.e4 without castling for both sides.}) 8. O-O O-O {
is a GM Vlado Kovacevic type of Nimzo.}) 7. Bxc4 Nc6 8. O-O Be7 9. dxc5 $6 {
Too timid and risky especially with a4 in.} (9. Qe2 cxd4 10. Rd1 e5 11. exd4
exd4 12. Nxd4 Nxd4 13. Qe5 Qd6 14. Qxd4 Qxd4 15. Rxd4 Be6 $5 (15... O-O 16. Bg5
h6 17. Bh4 Bf5 18. Rad1 (18. Re1 Rfe8) 18... Rfe8 $11) 16. Bxe6 fxe6 $11) 9...
Qxd1 10. Rxd1 Bxc5 11. Ng5 $6 (11. Bd2 Bd7 12. Rac1 Rc8 $11) 11... Ke7 12. Nce4
{Draw offer.} Nxe4 (12... Bb4 13. Bd2 {transposes}) 13. Nxe4 Bb4 14. Bd2 Bd7
15. Be2 $6 (15. Bxb4+ Nxb4 16. Nc5 Bc6 17. Nd3 Nxd3 18. Bxd3 $11 {
Lilienthal-Bronstein,Moscow 1962.}) 15... Rac8 16. a5 Rhd8 17. Bf3 Be8 $15 {
Black takes over the initiative.} 18. Bxb4+ Nxb4 19. Rxd8 Rxd8 20. Nc5 Rc8 {
I was in between the text and} (20... Rd2 21. Bxb7 Bb5 22. Rb1 Rc2 23. Nb3 Bd3
24. Nc1 Bg6 $17) 21. Nb3 (21. Nxb7 Bc6 22. Bxc6 Rxc6 23. Rd1 Nd3 (23... Rc7 24.
Nd6 Nd3) 24. b3 Rc3 25. Rb1 Kd7 26. b4 Kc7 27. Nc5 Nxc5 28. bxc5 Rxc5 29. Ra1
Kc6 $17) 21... Rc7 (21... Nd3 $2 22. Bxb7 Rb8 23. Bxa6 Rxb3 24. Bc4 $18) 22. g3
e5 (22... Nd3 $6 23. Nd4 e5 (23... Nxb2 24. Rb1) 24. Nf5+ Kf6 25. Rd1) 23. Be4
g6 $17 {Now white is totally busted.} 24. f4 $2 (24. g4 Bd7 25. g5 Bf5 26. Bxf5
gxf5 $17) 24... f5 25. Bg2 Bf7 $19 {White is not only about losing material
but also Bg2 is shut out of the game!} 26. Nd2 e4 27. g4 Rc2 28. Nf1 Rxb2 29.
gxf5 gxf5 30. Rc1 Nc6 {Anything wins around here.} (30... Nd5 31. Rc8 Rb5 32.
Rh8 Rxa5 $19) (30... Kf6 $19) (30... Nc2 $5) 31. Ng3 Rb5 32. Bf1 Rd5 $4 {
A gross blunder.} (32... Rxa5 33. Rb1 Nd8 34. Rb6 (34. Ne2 Rc5 35. Rb6 Rc6 $19)
34... Be6 35. Bh3 Rd5 $19) 33. Bxa6 Nxa5 $2 {Probably one of the moments that
one wants to kill somebody. Having such a winning position with two pawns up
and then blundering heavily effects one's mind.} (33... bxa6 34. Rxc6 Rxa5 $17
{and black has still serious winning chances.}) 34. Rc7+ Kf6 35. Bxb7 $11 Rd1+
36. Kf2 (36. Kg2 Rd2+ 37. Kh3 Nxb7 (37... Nc4 38. Bxe4) 38. Rxb7 Rd3 39. Nf1
Bh5) 36... Rd2+ 37. Kg1 {Whites king pretty much can step any direction he
wants to.} (37. Ke1 Rxh2 38. Bxe4 (38. Nxf5 $2 Nxb7 39. Rxb7 Bd5 40. Rb5 Kxf5
41. Rxd5+ Kg4 $17) (38. Bc8 Bg6 39. Rc5 Nb3 40. Rc6+ Ke7 41. Nxf5+ Bxf5 42.
Bxf5 Nd2 43. Rc7+ Kf6 44. Bxh7 Nf3+ 45. Kd1 Rd2+ 46. Kc1 Rd3 47. Bxe4 Rxe3 $11)
38... fxe4 39. Nxe4+ Kg6 40. f5+ Kxf5 41. Nd6+ Ke6 42. Nxf7 $11) 37... Rd1+ {
Black has better to repeat the moves before commiting something more stupid
then what has happened.} (37... Rd6 $6 38. Bc8) 38. Kf2 Rd2+ 39. Kg1 Rd1+ 40.
Kf2 Rd2+ 1/2-1/2

[Event "BIH-chT 2nd"]
[Site "Jahorina"]
[Date "2003.06.22"]
[Round "3"]
[White "Atalik, Suat"]
[Black "Stevic, Hrvoje"]
[Result "0-1"]
[WhiteElo "2568"]
[BlackElo "2550"]
[Annotator "Atalik,S"]
[PlyCount "78"]
[EventDate "2003.06.21"]
[EventType "team-tourn"]
[EventRounds "9"]
[EventCountry "BIH"]
[SourceTitle "CBM 094 Extra"]
[Source "ChessBase"]
[SourceDate "2003.07.09"]
[SourceVersion "2"]
[SourceVersionDate "2003.07.09"]
[SourceQuality "1"]
[WhiteTeam "Sarajevo Napredak"]
[BlackTeam "Bihac"]
[WhiteTeamCountry "BIH"]
[BlackTeamCountry "BIH"]

{In this second game of the I have made one of the worst calculations I have
made minimum in the last 10 years.} 1. d4 d5 2. c4 dxc4 3. Nf3 Nf6 4. e3 e6 5.
Bxc4 c5 6. O-O a6 7. a4 Nc6 8. Qe2 Qc7 9. Bd2 $5 {An interesting move! However
it makes no difference with the regular 9.Nc3.} (9. Nc3 Bd6 10. Bd2 O-O 11. Bd3
) 9... Ne4 $5 {A strange looking move. Hrvoje's talent usually makes him to
take risky paths.} (9... Bd6 10. dxc5 Bxc5 11. Rc1 Bd6 12. Bd3 O-O 13. Nc3 $14)
10. Nc3 ({I did not like} 10. Be1 {because of} Bd6 (10... cxd4 11. exd4 Nd6 12.
Bd3 Be7) 11. Nc3 Nf6) 10... Nxd2 11. Qxd2 cxd4 12. exd4 Nb4 13. Rac1 $4 {
Ha ha! I have nothing more to say about this howler!} (13. Qe2 Be7 14. Rac1 O-O
15. Rfe1 $14 (15. d5 exd5 16. Nxd5 Nxd5 17. Bxd5 Qd6 (17... Qa5 $6 18. Qxe7
Qxd5 19. Rfd1 Qe6 20. Re1 $16) 18. Rfd1 Qf6 19. Qe5 Bg4 20. Qg3 $14)) ({
At least I could have blunder like} 13. Rfc1 $2 Qxc4 14. Ne5 Qc7 15. Nb5 Qxc1+
16. Rxc1 axb5 17. Qe2 Be7 18. Qxb5+ Kf8 19. Nd7+ Bxd7 20. Qxd7 g6 21. Qxb7 Rxa4
22. Qc8+ Kg7 23. Qd7 Nd3 24. Rb1 Nxb2 25. Qxe7 Rxd4 $11) 13... Qxc4 14. Nb5
axb5 15. Rxc4 bxc4 $19 {Let us count the pieces! Jezus Christ I have never
blundered like a patzer for a long time.} 16. Rc1 Nd5 17. Rxc4 f6 18. a5 Bd7
19. h4 Bd6 20. b4 O-O 21. g3 Rfc8 22. Rc5 b6 23. axb6 Nxb6 24. Rxc8+ Bxc8 25.
Ne1 Bb7 26. Kh2 Ra1 27. Ng2 Bd5 28. b5 Nc4 29. Qc2 h5 30. f3 Ne3 $1 {I was
shamelessly continuing the game but this can not change anything in this level.
} 31. Qc8+ Kh7 32. Nxe3 Bxf3 33. Qc2+ f5 34. Ng2 Bd5 35. Qc8 Ra2 36. Kg1 Bxg3
37. Qc1 Rxg2+ 38. Kf1 Rf2+ 39. Kg1 Rh2 {This ends whites pain.} 0-1